| 000 | 00885cam a22002531 4500 | ||
|---|---|---|---|
| 001 | gs 14000004 | ||
| 003 | DLC | ||
| 005 | 20260227111315.0 | ||
| 008 | 800828s1913 dcuabf f000 0 eng c | ||
| 010 | _ags 14000004 | ||
| 035 | _a(OCoLC)6662974 | ||
| 040 |
_aLibrary, U.S. Geol. _cAU _dAU _dDLC |
||
| 042 | _apremarc | ||
| 050 | 0 | 0 |
_aQE75 _b.P9 no. 85B |
| 051 |
_aGB1205 _b.S5 |
||
| 100 | 1 |
_aShaw, Eugene Wesley, _d1881-1935. |
|
| 245 | 1 | 4 |
_aThe mud lumps at the mouths of the Mississippi / _cby Eugene Wesley Shaw ... |
| 260 |
_aWashington : _bGovt. Print. Off., _c1913. |
||
| 300 |
_a1 p. l., 11-27 p. : _billus., 2 pl., fold. map, diagrs. ; _c30 cm. |
||
| 410 | 2 | 0 |
_aGeological Survey (U.S.). _tProfessional paper, _v85-B |
| 500 | _aPub. December 20, 1913. | ||
| 500 | _aPart B of Professional paper 85 "Contributions to general geology, 1913." | ||
| 651 | 0 | _aMississippi River. | |
| 999 |
_c25325 _d25325 |
||